000 00627cam a2200205 4500500
005 20260405001558.0
041 _afre
042 _adc
100 1 0 _aLegros, Martin
_eauthor
245 0 0 _a« L’homme est naturellement mobile »
260 _c2013.
500 _a45
690 _aMartin Cooper
690 _aMaurizio Ferraris
690 _aSmartphone
690 _atéléphone
690 _aTéléphone portable
786 0 _nPhilosophie magazine | 73 | 10 | 2013-10-01 | p. 20-21 | 1951-1787
856 4 1 _uhttps://shs.cairn.info/magazine-philosophie-magazine-2013-10-page-20?lang=fr&redirect-ssocas=7080
999 _c2048980
_d2048980